[Event "Tata Steel India Rapid w"]
[Site "Kolkata IND"]
[Date "2023.09.01"]
[Round "6.2"]
[White "Savitha, Shri B"]
[Black "Ushenina, Anna"]
[Result "1/2-1/2"]
[WhiteTitle "WIM"]
[BlackTitle "GM"]
[WhiteElo "2375"]
[BlackElo "2434"]
[WhiteFideId "35061887"]
[BlackFideId "14110911"]
[EventDate "2023.08.31"]

1. e4 e5 2. Nf3 d6 3. Nc3 Nf6 4. d4 exd4 5. Nxd4 Be7 6. Be2 O-O 7. O-O Re8 8. f4
Bf8 9. Bf3 c5 10. Nb3 Nc6 11. Be3 Bf5 12. Bxc5 Nxe4 13. Bxe4 Bxe4 14. Nxe4 Rxe4
15. Qd3 Qe8 16. Nd2 Re2 17. Ba3 b5 18. b3 Rc8 19. Nf3 Qe4 20. Qxe4 Rxe4 21. Rad1
Rxf4 22. Bxd6 Bxd6 23. Rxd6 Nb4 24. Rfd1 h6 25. Rd8+ Rxd8 26. Rxd8+ Kh7 27. Ra8
Nxa2 28. Rxa7 Nb4 29. Rc7 Re4 30. Kf2 f5 31. Rc5 f4 32. Ne1 Rd4 33. Kf3 g5 34.
Rxb5 Nd5 35. Rc5 Ne3 36. g3 Rd1 37. Nd3 fxg3 38. hxg3 Nxc2 39. Ke2 Rb1 40. Rxc2
Rxb3 41. Rd2 h5 42. Kf2 Rb5 43. Kg2 Rd5 44. Rd1 Kh6 45. Nf2 Rxd1 46. Nxd1 g4 47.
Nf2 Kg5 48. Ne4+ Kf5 49. Nd6+ Kg5 50. Nf7+ Kf6 51. Nd6 Kg5 52. Ne4+ Kf5 53. Nd6+
Kg5 54. Nf7+ Kf6 1/2-1/2

[Event "Tata Steel India Rapid w"]
[Site "Kolkata IND"]
[Date "2023.09.01"]
[Round "6.4"]
[White "Divya, Deshmukh"]
[Black "Vantika, Agrawal"]
[Result "1-0"]
[WhiteTitle "WGM"]
[BlackTitle "WGM"]
[WhiteElo "2372"]
[BlackElo "2430"]
[WhiteFideId "35006916"]
[BlackFideId "25050389"]
[EventDate "2023.08.31"]

1. d4 Nf6 2. Bg5 g6 3. Bxf6 exf6 4. c4 d5 5. cxd5 Qxd5 6. Nc3 Qd8 7. g3 Bd6 8.
h4 h5 9. Bg2 c6 10. e3 f5 11. Nf3 O-O 12. O-O Nd7 13. d5 c5 14. a4 Nf6 15. Nd2
b6 16. Nc4 Bb7 17. Qd3 a6 18. e4 fxe4 19. Nxe4 Nxe4 20. Bxe4 b5 21. axb5 axb5
22. Rxa8 Bxa8 23. Nxd6 Qxd6 24. Qxb5 Rb8 25. Qa5 Qe5 26. Bg2 c4 27. Qc5 Rd8 28.
Qxc4 Qxb2 29. Qc7 Qf6 30. Rb1 Kg7 31. Rb8 Rxb8 32. Qxb8 Qa1+ 33. Kh2 Kf6 34.
Qh8+ 1-0

[Event "Tata Steel India Rapid w"]
[Site "Kolkata IND"]
[Date "2023.09.01"]
[Round "6.5"]
[White "Dronavalli, Harika"]
[Black "Ju, Wenjun"]
[Result "1/2-1/2"]
[WhiteTitle "GM"]
[BlackTitle "GM"]
[WhiteElo "2500"]
[BlackElo "2568"]
[WhiteFideId "5015197"]
[BlackFideId "8603006"]
[EventDate "2023.08.31"]

1. d4 Nf6 2. c4 e6 3. Nf3 d5 4. Nc3 Bb4 5. Qa4+ Nc6 6. e3 O-O 7. Qc2 Ne7 8. Bd2
b6 9. a3 Bxc3 10. Bxc3 a5 11. cxd5 Qxd5 12. Bd2 c5 13. dxc5 bxc5 14. Rc1 Ne4 15.
Bd3 f5 16. Bc4 Qc6 17. Bc3 Nd5 18. Be5 Bb7 19. O-O Rfd8 20. Rfd1 Nb6 21. Bf1 Rd5
22. b3 Rad8 23. Rxd5 Rxd5 24. b4 axb4 25. axb4 Qd7 26. Qb1 Na4 27. bxc5 Naxc5
28. Bd4 Ba6 29. Qb8+ Qc8 30. Qa7 Qb7 31. Qxb7 Bxb7 32. Bc4 Rd8 33. h4 Bd5 34.
Bxd5 Rxd5 35. Ne5 Nd7 36. Rc8+ Nf8 37. Rc7 Nf6 38. f3 N6d7 39. Nc6 Kf7 40. Ne5+
Kg8 41. Nc6 Kf7 42. Ne5+ Kg8 43. Nc6 1/2-1/2

[Event "Tata Steel India Rapid w"]
[Site "Kolkata IND"]
[Date "2023.09.02"]
[Round "7.1"]
[White "Ushenina, Anna"]
[Black "Divya, Deshmukh"]
[Result "1/2-1/2"]
[WhiteTitle "GM"]
[BlackTitle "WGM"]
[WhiteElo "2434"]
[BlackElo "2372"]
[WhiteFideId "14110911"]
[BlackFideId "35006916"]
[EventDate "2023.08.31"]

1. d4 d5 2. c4 e6 3. Nf3 Nf6 4. g3 Be7 5. Bg2 O-O 6. Qc2 c5 7. dxc5 Qa5+ 8. Nbd2
Qxc5 9. O-O Nc6 10. a3 dxc4 11. Qxc4 Qb6 12. b4 e5 13. Bb2 Be6 14. Qc2 Rac8 15.
Qb1 Rfd8 16. Rc1 a5 17. bxa5 Qxa5 18. Bc3 Qa7 19. Ng5 Bg4 20. Qb3 Bh5 21. e3 h6
22. Nge4 Nd5 23. Nc4 Nxc3 24. Nxc3 Na5 25. Nxa5 Qxa5 26. Nd5 Rxc1+ 27. Rxc1 Qxa3
28. Nxe7+ Qxe7 29. Qxb7 Qxb7 30. Bxb7 Rd1+ 1/2-1/2

[Event "Tata Steel India Rapid w"]
[Site "Kolkata IND"]
[Date "2023.09.02"]
[Round "7.2"]
[White "Koneru, Humpy"]
[Black "Savitha, Shri B"]
[Result "1-0"]
[WhiteTitle "GM"]
[BlackTitle "WIM"]
[WhiteElo "2553"]
[BlackElo "2375"]
[WhiteFideId "5008123"]
[BlackFideId "35061887"]
[EventDate "2023.08.31"]

1. d4 Nf6 2. c4 g6 3. g3 c5 4. dxc5 Qa5+ 5. Nc3 Bg7 6. Bg2 Qxc5 7. Bd2 O-O 8. b3
d6 9. h3 Nbd7 10. e4 a6 11. Nge2 Qc7 12. O-O Rb8 13. Rc1 Qd8 14. Be3 b6 15. a4
Bb7 16. Nd4 e6 17. Qc2 Qe7 18. Rfd1 Rbc8 19. Qb1 Rfd8 20. Nde2 h5 21. Bg5 Rc5
22. h4 Kh7 23. Qd3 Ne5 24. Qd2 Rcc8 25. Qf4 Neg4 26. Bh3 Nh6 27. Rd2 Rc6 28.
Rcd1 Bc8 29. e5 dxe5 30. Qxe5 Rxd2 31. Rxd2 Rc5 32. Qe3 Nhg8 33. Ne4 Rc7 34.
Qxb6 Bb7 35. N2c3 Rd7 36. Rxd7 Qxd7 37. Nc5 Qd4 38. Qxb7 Qxc3 39. Qxf7 Qa1+ 40.
Kg2 Qd4 41. Nxe6 Qe4+ 42. Kh2 1-0

[Event "Tata Steel India Rapid w"]
[Site "Kolkata IND"]
[Date "2023.09.02"]
[Round "7.3"]
[White "Vantika, Agrawal"]
[Black "Shuvalova, Polina"]
[Result "1/2-1/2"]
[WhiteTitle "WGM"]
[BlackTitle "IM"]
[WhiteElo "2430"]
[BlackElo "2496"]
[WhiteFideId "25050389"]
[BlackFideId "24171760"]
[EventDate "2023.08.31"]

1. d4 Nf6 2. c4 e6 3. Nf3 d5 4. g3 dxc4 5. Bg2 Nbd7 6. O-O c6 7. a4 b6 8. Qc2
Bb7 9. Qxc4 Rc8 10. Nc3 c5 11. Qd3 Be7 12. Rd1 O-O 13. e4 cxd4 14. Nxd4 Bb4 15.
Qe2 Qc7 16. Ndb5 Qb8 17. e5 Nd5 18. Nxd5 Bxd5 19. Bxd5 exd5 20. Qg4 a6 21. Qxd7
axb5 22. Qxb5 Bc5 23. Rxd5 Qa8 24. Qb3 Rcd8 25. Rxd8 Rxd8 26. Bg5 Re8 27. Re1 h6
28. Bf4 Re6 29. h4 Bd4 30. Qc2 Qf3 31. Qd2 Bc5 32. b4 Be7 33. Rc1 Qb3 34. a5
bxa5 35. bxa5 Ra6 36. Qd7 Bf8 37. Rc8 Qa3 38. Rc7 Qa2 39. Ra7 Rxa5 40. Rxa5 Qxa5
41. Qe8 Qa1+ 42. Kg2 Qa2 43. Be3 Qd5+ 44. Kh2 h5 45. Kg1 Qd1+ 46. Kg2 Qd5+ 47.
Kh2 Qc4 48. Qd8 Qc6 49. Kg1 Qb5 50. Bf4 Qc6 51. Qg5 Qf3 52. Qd8 Qc6 53. Be3 Qb5
54. Bf4 Qc6 55. Qd1 Qg6 56. Qd8 1/2-1/2

[Event "Tata Steel India Rapid w"]
[Site "Kolkata IND"]
[Date "2023.09.02"]
[Round "7.5"]
[White "Ju, Wenjun"]
[Black "Batsiashvili, Nino"]
[Result "1-0"]
[WhiteTitle "GM"]
[BlackTitle "GM"]
[WhiteElo "2568"]
[BlackElo "2474"]
[WhiteFideId "8603006"]
[BlackFideId "13602993"]
[EventDate "2023.08.31"]

1. d4 d5 2. c4 e6 3. Nf3 Nf6 4. g3 Be7 5. Bg2 O-O 6. O-O a5 7. Qc2 Nc6 8. a3
dxc4 9. Qxc4 a4 10. Nc3 Bd7 11. Qd3 Na5 12. Rb1 Nb3 13. Nd2 Nxc1 14. Rbxc1 Qb8
15. Rfd1 Rd8 16. Nc4 Be8 17. Qc2 Ra6 18. Ne4 Bc6 19. e3 Bd5 20. Ncd2 Nxe4 21.
Bxe4 Bxe4 22. Nxe4 c6 23. Nc5 Bxc5 24. dxc5 Ra8 25. Rxd8+ Qxd8 26. Rd1 Qe7 27.
Rd4 e5 28. Rxa4 Rd8 29. Kg2 g6 30. Rc4 h5 31. h4 Rd5 32. a4 Qd7 33. Rb4 Qe7 34.
Qb3 Rd2 35. Qc3 Rd5 36. Qb3 Rd2 37. Qc3 Rd5 38. e4 Rd7 39. a5 Qe6 40. Qb3 Qg4
41. Qf3 Qe6 42. Rb6 Kg7 43. Qc3 Qe7 44. a6 bxa6 45. Rxc6 Rd4 46. Rb6 Rxe4 47. c6
Re2 48. c7 Qd7 49. c8=Q Qd5+ 50. Qf3 1-0

[Event "Tata Steel India Rapid w"]
[Site "Kolkata IND"]
[Date "2023.09.02"]
[Round "8.1"]
[White "Dronavalli, Harika"]
[Black "Vantika, Agrawal"]
[Result "1-0"]
[WhiteTitle "GM"]
[BlackTitle "WGM"]
[WhiteElo "2500"]
[BlackElo "2430"]
[WhiteFideId "5015197"]
[BlackFideId "25050389"]
[EventDate "2023.08.31"]

1. d4 Nf6 2. Nf3 g6 3. g3 Bg7 4. Bg2 O-O 5. c4 d6 6. Nc3 c5 7. d5 e6 8. O-O exd5
9. cxd5 Re8 10. Re1 h6 11. Nd2 a6 12. a4 Nbd7 13. Nc4 Ne5 14. Nxe5 Rxe5 15. e4
Re8 16. h3 Rb8 17. a5 b5 18. axb6 Qxb6 19. Na4 Qd8 20. e5 dxe5 21. Nxc5 Rb5 22.
Be3 Qd6 23. Rc1 Rd8 24. Qa4 Rxb2 25. Nd3 Rb5 26. Bc5 Qb8 27. Nxe5 Bd7 28. Nc6
Bxc6 29. dxc6 Qc8 30. Bf1 Rb2 31. Qxa6 Nd5 32. Qxc8 Rxc8 33. Bg2 Nc3 34. Kf1 Rb5
35. Be3 Nd5 36. Bd2 Rb2 37. Red1 Ne7 38. Be3 Be5 39. g4 h5 40. Rd7 Kf8 41. Bc5
Bf6 42. Re1 Re8 43. c7 Rc2 44. Bxe7+ Bxe7 45. Bb7 hxg4 46. hxg4 1-0

[Event "Tata Steel India Rapid w"]
[Site "Kolkata IND"]
[Date "2023.09.02"]
[Round "8.2"]
[White "Savitha, Shri B"]
[Black "Ju, Wenjun"]
[Result "0-1"]
[WhiteTitle "WIM"]
[BlackTitle "GM"]
[WhiteElo "2375"]
[BlackElo "2568"]
[WhiteFideId "35061887"]
[BlackFideId "8603006"]
[EventDate "2023.08.31"]

1. e4 e5 2. d4 exd4 3. Qxd4 Nc6 4. Qd3 Nf6 5. Nc3 Bb4 6. Bd2 O-O 7. O-O-O Re8 8.
Nge2 d6 9. Bg5 h6 10. Bxf6 Qxf6 11. Nd5 Qd8 12. Nxb4 Nxb4 13. Qf3 Nxa2+ 14. Kb1
Nb4 15. Nd4 Nc6 16. Nxc6 bxc6 17. Qc3 Bd7 18. Bd3 a5 19. f4 Qb8 20. Rhe1 Qb4 21.
Qxb4 axb4 22. h3 Re7 23. Kc1 Rae8 24. Re2 c5 25. Rde1 Bc6 26. b3 Kf8 27. Kd2 g5
28. g3 Kg7 29. Re3 f6 30. h4 Bd7 31. Bc4 c6 32. R1e2 Bg4 33. Re1 Bh5 34. hxg5
hxg5 35. Rh1 Bg6 36. f5 Bxf5 37. Bd3 Bxe4 38. Rhe1 d5 39. g4 Kf7 0-1

[Event "Tata Steel India Rapid w"]
[Site "Kolkata IND"]
[Date "2023.09.02"]
[Round "8.3"]
[White "Divya, Deshmukh"]
[Black "Shuvalova, Polina"]
[Result "0-1"]
[WhiteTitle "WGM"]
[BlackTitle "IM"]
[WhiteElo "2372"]
[BlackElo "2496"]
[WhiteFideId "35006916"]
[BlackFideId "24171760"]
[EventDate "2023.08.31"]

1. d4 Nf6 2. c4 e6 3. Nf3 d5 4. Nc3 c5 5. cxd5 Nxd5 6. g3 Nxc3 7. bxc3 cxd4 8.
cxd4 Bb4+ 9. Bd2 Bxd2+ 10. Qxd2 b6 11. Bg2 Bb7 12. O-O Nd7 13. Rfe1 Nf6 14. Qb4
Nd5 15. Qb5+ Qd7 16. Qd3 O-O 17. e4 Nb4 18. Qb3 Nc6 19. Rad1 Rfe8 20. h4 h6 21.
Kh2 Rad8 22. Bf1 Qd6 23. Bb5 Re7 24. Re3 Rc7 25. Qb2 a6 26. Be2 b5 27. d5 exd5
28. Rxd5 Qe7 29. a4 bxa4 30. Bd1 Na5 31. Rxa5 Rxd1 32. Rxa4 Rcc1 33. Rd4 Rh1+
34. Kg2 Qe6 35. Rd8+ Kh7 36. Nd2 Qg4 37. Qxc1 Qh3+ 38. Kf3 Rxc1 39. Rb3 Bc8 40.
Rb8 Rc3+ 41. Kf4 f6 0-1

[Event "Tata Steel India Rapid w"]
[Site "Kolkata IND"]
[Date "2023.09.02"]
[Round "8.4"]
[White "Ushenina, Anna"]
[Black "Koneru, Humpy"]
[Result "0-1"]
[WhiteTitle "GM"]
[BlackTitle "GM"]
[WhiteElo "2434"]
[BlackElo "2553"]
[WhiteFideId "14110911"]
[BlackFideId "5008123"]
[EventDate "2023.08.31"]

1. d4 Nf6 2. c4 e6 3. Nf3 d5 4. g3 dxc4 5. Bg2 Nbd7 6. O-O Rb8 7. a4 a6 8. a5
Bb4 9. Qc2 O-O 10. Qxc4 Bd6 11. Nc3 b5 12. axb6 cxb6 13. Rd1 b5 14. Qb3 b4 15.
Na4 Bb7 16. Nd2 Bxg2 17. Kxg2 Qc7 18. Nc4 Rbc8 19. Ne3 a5 20. Bd2 Qb7+ 21. f3
Qa6 22. Kf2 e5 23. d5 e4 24. Rac1 exf3 25. exf3 Ne5 26. Rxc8 Rxc8 27. Be1 h5 28.
Nf5 Nfg4+ 29. fxg4 Nxg4+ 30. Kf3 Qf1+ 31. Ke4 Qe2+ 32. Ne3 Re8+ 33. Kd4 Nxe3 34.
Rd3 Nf5+ 35. Kc4 Rc8+ 36. Kb5 Nd4+ 0-1

[Event "Tata Steel India Rapid w"]
[Site "Kolkata IND"]
[Date "2023.09.02"]
[Round "9.1"]
[White "Vantika, Agrawal"]
[Black "Batsiashvili, Nino"]
[Result "1-0"]
[WhiteTitle "WGM"]
[BlackTitle "GM"]
[WhiteElo "2430"]
[BlackElo "2474"]
[WhiteFideId "25050389"]
[BlackFideId "13602993"]
[EventDate "2023.08.31"]

1. d4 d5 2. c4 e6 3. Nf3 Nf6 4. g3 Be7 5. Bg2 O-O 6. O-O a5 7. Qc2 Nc6 8. a3
dxc4 9. Qxc4 a4 10. Nc3 Bd7 11. Ne5 Na5 12. Qd3 Be8 13. Rd1 Nb3 14. Rb1 Nd5 15.
Ne4 f6 16. Nf3 Ra6 17. Ned2 Bg6 18. e4 Nxc1 19. Rbxc1 Nb6 20. Qc3 c6 21. Ne1 Nd7
22. Nd3 Bh5 23. Bf3 Bf7 24. Nc4 Qb8 25. Nb4 Ra8 26. d5 exd5 27. exd5 c5 28. Nd3
Rd8 29. Nf4 b5 30. Ne3 Ne5 31. Be4 b4 32. Qc2 g6 33. Ne6 Rc8 34. f4 f5 35. Bg2
Ng4 36. Nc4 Bf6 37. h3 Nh6 38. Qe2 Re8 39. Re1 bxa3 40. bxa3 Qb3 41. Kh2 Ra6 42.
Ne5 Qxa3 43. Qxa6 g5 44. Qd3 Qb4 45. fxg5 Bxe5 46. Rxe5 Qb2 47. Qc3 a3 48. gxh6
c4 49. Re2 Qxc3 50. Rxc3 1-0

[Event "Tata Steel India Rapid w"]
[Site "Kolkata IND"]
[Date "2023.09.02"]
[Round "9.2"]
[White "Shuvalova, Polina"]
[Black "Dronavalli, Harika"]
[Result "1/2-1/2"]
[WhiteTitle "IM"]
[BlackTitle "GM"]
[WhiteElo "2496"]
[BlackElo "2500"]
[WhiteFideId "24171760"]
[BlackFideId "5015197"]
[EventDate "2023.08.31"]

1. e4 e6 2. d4 d5 3. Nc3 Bb4 4. e5 c5 5. a3 Ba5 6. b4 cxd4 7. Nb5 Bc7 8. Bf4 Ne7
9. Bd3 Nbc6 10. Nf3 Ng6 11. Bxg6 fxg6 12. O-O O-O 13. Bg3 a6 14. Nbxd4 Nxd4 15.
Nxd4 Bd7 16. Rc1 Bb6 17. c4 dxc4 18. Rxc4 Qe8 19. Qg4 Rc8 20. Rfc1 Rxc4 21. Rxc4
Qf7 22. h3 h5 23. Qe4 Bb5 24. Rc3 Bxd4 25. Qxd4 Bc6 26. Qe3 1/2-1/2

[Event "Tata Steel India Rapid w"]
[Site "Kolkata IND"]
[Date "2023.09.02"]
[Round "9.3"]
[White "Ju, Wenjun"]
[Black "Ushenina, Anna"]
[Result "1/2-1/2"]
[WhiteTitle "GM"]
[BlackTitle "GM"]
[WhiteElo "2568"]
[BlackElo "2434"]
[WhiteFideId "8603006"]
[BlackFideId "14110911"]
[EventDate "2023.08.31"]

1. d4 d5 2. c4 e6 3. Nf3 Nf6 4. Nc3 h6 5. cxd5 exd5 6. Bf4 Bd6 7. Bxd6 Qxd6 8.
e3 c6 9. Bd3 Be6 10. Ne5 Nbd7 11. f4 Nb6 12. O-O Qe7 13. Qf3 O-O 14. g4 Bxg4 15.
Qg3 Bd7 16. Kh1 Nh5 17. Qf3 Qh4 18. Rg1 Qh3 19. Qf2 Rad8 20. Bf1 Qf5 21. Qh4 Bc8
22. Be2 Nf6 23. Qxh6 Ne8 24. Bd3 Qh3 25. Qxh3 Bxh3 26. f5 Nd6 27. f6 g6 28. Rg5
Bf5 29. Bxf5 Nxf5 30. Rxf5 gxf5 31. Rg1+ Kh8 32. Rg7 Rd6 33. Nxf7+ Rxf7 34. Rxf7
Nd7 35. Ne2 Nxf6 36. Rxb7 Re6 37. Ng3 Rxe3 38. Nxf5 Re1+ 39. Kg2 a5 40. a4 Re4
41. b4 axb4 42. Rxb4 Re2+ 43. Kh3 Ne4 44. a5 Ra2 45. Rb8+ Kh7 46. Ra8 c5 47.
dxc5 Nxc5 48. Ra7+ Kh8 49. Nd4 Ra4 50. Nc6 d4 51. Ra8+ Kh7 52. Rd8 Nb3 53. Rd5
d3 54. Rxd3 Nxa5 55. Ne5 Nc4 56. Nf3 Ra3 57. Rd7+ Kh6 58. Kg2 Rxf3 59. Kxf3 Ne5+
60. Ke4 Nxd7 1/2-1/2

[Event "Tata Steel India Rapid w"]
[Site "Kolkata IND"]
[Date "2023.09.02"]
[Round "9.4"]
[White "Koneru, Humpy"]
[Black "Divya, Deshmukh"]
[Result "0-1"]
[WhiteTitle "GM"]
[BlackTitle "WGM"]
[WhiteElo "2553"]
[BlackElo "2372"]
[WhiteFideId "5008123"]
[BlackFideId "35006916"]
[EventDate "2023.08.31"]

1. d4 Nf6 2. c4 e6 3. Nf3 b6 4. g3 Ba6 5. Nbd2 c5 6. Bg2 Nc6 7. dxc5 bxc5 8. O-O
Be7 9. b3 O-O 10. Bb2 d5 11. cxd5 exd5 12. Rc1 Qb6 13. Re1 Ne4 14. Ne5 Nxe5 15.
Bxe5 Rad8 16. Qc2 f5 17. e3 Qe6 18. Bb2 Rc8 19. Nf3 Rfd8 20. Qb1 Bf6 21. Qa1 Kf7
22. Ne5+ Kg8 23. Nf3 Kf7 24. h4 h6 25. Ne5+ Kg8 26. Nf3 Kf7 27. Ne5+ Kg8 28. Nf3
Bxb2 29. Qxb2 g5 30. Red1 Kh7 31. hxg5 hxg5 32. Qe5 Qxe5 33. Nxe5 Kg7 34. Rc2
Kf6 35. Nf3 g4 36. Ne1 c4 37. Bf1 Ke5 38. Rdc1 Ng5 39. Be2 cxb3 40. Rxc8 Rxc8
41. Rxc8 bxa2 42. Re8+ Kd6 43. Nc2 Bxe2 44. Ra8 Nf3+ 45. Kh1 Ne1 46. Na1 a6 47.
Rc8 Bd3 48. Rc1 Nc2 49. Rxc2 Bxc2 50. Nxc2 Kc5 51. Kg2 Kc4 0-1